00285nam a2200097Ia 4500008004100000020001800041245006300059250001100122260004000133300001400173180116s9999 xx 000 0 und d a9781469897929 cMary L. TurgeonaClinical Hematology Theory and Procedures a5th ed bLippincott Williams & Wilkinsc2012 a608 pages